| 000 | 00646nam a22002177a 4500 | ||
|---|---|---|---|
| 003 | BPGM | ||
| 008 | 260619s mx ||||gr|||| 0|1 p SPA|| | ||
| 040 | _bspa | ||
| 041 |
_aSPA _hSPA |
||
| 082 | 0 | 4 |
_2PRIMERA EDICIÓN _aCQ / 861M / F567 / N83 |
| 100 |
_aFLORES, ISRAEL _cAUTOR |
||
| 245 | _aLA NUEVA POESÍA | ||
| 250 | _aPRIMERA EDICIÓN | ||
| 260 |
_aQUERÉTARO, MÉXICO _bFONDO EDITORIAL _c2006 |
||
| 300 |
_a73 PÁGINAS; _c22.5 CM X 10.2 CM |
||
| 336 |
_2rdacontent _atexto _btxt |
||
| 337 |
_2rdamedia _asin mediación _bn |
||
| 338 |
_2rdacarrier _avolumen _bnc |
||
| 650 |
_aGÉNERO LÍRICO, POESÍA _v861 _x800 _y60 _z1 |
||
| 942 |
_2ddc _cCOLQ |
||
| 999 |
_c68649 _d68649 |
||